Statystyki dla Najmniejsze państwa pod względem populacji i terenu

Kliknij tutaj aby rozwiązać quiz!

Ogólne statystyki

  • Ten quiz został rozwiązany 318 razy
  • Średni wynik to 14 z 24

Statystyki odpowiedzi

Państwo% Poprawnych
Watykan
99%
San Marino
89%
Monako
87%
Liechtenstein
86%
Andora
81%
Malta
68%
Nauru
59%
Palau
56%
Tuvalu
56%
Wyspy Marshalla
55%
Saint Kitts I Nevis
54%
Barbados
52%
Seszele
51%
Mikronezja
50%
Saint Lucia
50%
Saint Vincent I Grenadyny
50%
Tonga
50%
Kiribati
49%
Singapur
49%
Dominika
48%
Antigua I Barbuda
47%
Malediwy
47%
Grenada
45%
Samoa
45%

Rozkład punktacji

Percentyl według liczby udzielonych odpowiedzi

Procent ludzi z każdym wynikiem

Twoja historia wyników

Nie rozwiązałeś tego quizu